| 000 | 00714nam a22002177a 4500 | ||
|---|---|---|---|
| 999 |
_c15990 _d15990 |
||
| 003 | AR-CdUCM | ||
| 008 | 190430b ||||| |||| 00| 0 spa d | ||
| 040 |
_aMUNICIPALIDAD PROVINCIAL DEL CUSCO _cBIBLIOTECA MUNICIPAL DEL CUSCO |
||
| 082 |
_a157.2 / _bC70 |
||
| 100 |
_aMontero, Maritza _935254 |
||
| 245 | _aCarácter y ambiente / | ||
| 260 |
_aMéxico : _bGrijalbo, _c1974. |
||
| 300 |
_a168 páginas ; _c19 cm. |
||
| 440 |
_aColección 70 _92202 |
||
| 505 | _aContenido : Introducción -- La personalidad -- Dimensiones de la personalidad - introversión ... | ||
| 650 |
_aFilosofía _9395 |
||
| 650 |
_aCarácter _916709 |
||
| 650 |
_aAmbiente _922115 |
||
| 942 |
_2ddc _cLIBROS |
||
| 945 |
_arah _d30/04/2019 |
||